| 000 | 00787cam a22002657a 4500 | ||
|---|---|---|---|
| 003 | CHAP | ||
| 005 | 20220329140302.0 | ||
| 008 | 971013s1953 r 00010 d | ||
| 010 | _a49771 | ||
| 011 | _a50743 | ||
| 035 | _a54893 | ||
| 040 | _cCHAP | ||
| 082 |
_a635.944 _bR6 |
||
| 100 | 0 | 0 |
_aRockwell, F. F. _998222 |
| 245 | 1 | 4 | _aThe complete book of bulbs |
| 260 |
_aGarden City, N. Y. : _bThe American Garden Guildand Doubleday, _c1953 |
||
| 300 |
_a352 p. _b: láms. : ilus. |
||
| 590 |
_aBATCH-UPD _b10 _c20130110 _lUCH01 _h0651 |
||
| 590 |
_aCONVERSION _b10 _c20130109 _lUCH01 _h1327 |
||
| 650 | 1 | 4 |
_aBulbos y tuberosas. _916021 |
| 700 | 0 |
_aGrayson, Esther C. _950516 |
|
| 901 | _aBK | ||
| 942 | _cLIBRO | ||
| 949 |
_a635.944 R6 _bBC _cLIBRO _d33724000731667 _eLIBRO _h65115 _i54893 _si |
||
| 999 |
_c49771 _d49771 |
||